Large-scale structures and peculiar motions in the universe /

Bibliographic Details
Other Authors: Latham, David W., Costa, L. A. Nicolaci da (Luiz A. Nicolaci)
Format: eBook
Language:English
Published: San Francisco Calif. : Astronomical Society of the Pacific, 1991.
Series:Astronomical Society of the Pacific conference series ; v. 15.
Subjects:
Online Access:Connect to the full text of this electronic book

MARC

Tag First Indicator Second Indicator Subfields
LEADER 00000cam a2200000Ka 4500
001 in00002682012
005 20190329193027.0
006 m d
007 cr un||||||auu
008 100521s1991 caua ob 101 0 eng d
020 |a 9781583813515 
020 |a 1583813519 
020 |z 0937707341 
020 |z 9780937707340 
035 |a (OCoLC)ocn624414208 
035 |a (OCoLC)624414208 
040 |a OCLCE  |b eng  |c OCLCE  |d TXA  |d UtOrBLW 
042 |a dlr 
049 |a TXAM 
050 4 |a QB856  |b .L37 1991eb 
082 0 4 |a 523.1/2  |2 20 
245 0 0 |a Large-scale structures and peculiar motions in the universe /  |c edited by David W. Latham and L.A. Nicolaci da Costa. 
264 1 |a San Francisco Calif. :  |b Astronomical Society of the Pacific,  |c 1991. 
300 |a 1 online resource (xi, 406 pages) :  |b illustrations 
336 |a text  |b txt  |2 rdacontent 
337 |a computer  |b c  |2 rdamedia 
338 |a online resource  |b cr  |2 rdacarrier 
490 1 |a Astronomical Society of the Pacific conference series ;  |v v. 15 
500 |a Proceedings from the Workshop on the Large Scale Structures and Peculiar Motions in the Universe, held May 22-27, 1989, in Rio de Janeiro, Brazil. 
504 |a Includes bibliographical references and index. 
588 |a Description based on print version record. 
500 |a Electronic resource. 
650 0 |a Galaxies  |v Congresses. 
650 0 |a Red shift  |v Congresses. 
650 0 |a Cosmology  |v Congresses. 
650 0 |a Astrophysics  |v Congresses. 
650 6 |a Mécanique céleste  |x Congrès. 
650 6 |a Cosmologie  |v Congrès. 
650 7 |a Cosmologie.  |2 ram 
700 1 |a Latham, David W. 
700 1 |a Costa, L. A. Nicolaci da  |q (Luiz A. Nicolaci) 
776 0 8 |i Print version:  |t Large-scale structures and peculiar motions in the universe.  |d San Francisco Calif. : Astronomical Society of the Pacific, 1991  |z 9780937707340  |w (DLC) 91070003  |w (OCoLC)23946264 
830 0 |a Astronomical Society of the Pacific conference series ;  |v v. 15. 
856 4 0 |u http://proxy.library.tamu.edu/login?url=http://aspbooks.org/a/volumes/table_of_contents/15  |z Connect to the full text of this electronic book  |t 0 
994 |a C0  |b TXA 
948 |a cataloged  |b h  |c 2010/10/8  |d c  |e agaffey  |f 11:38:45 am 
999 |a MARS 
999 f f |s 7cd3b68f-e018-3172-9ef6-2da7f35afefa  |i d51a12ec-f4f9-3748-9980-784a5550ae5a  |t 0 
952 f f |a Texas A&M University  |b College Station  |c Electronic Resources  |d Available Online  |t 0  |e QB856 .L37 1991eb  |h Library of Congress classification 
998 f f |a QB856 .L37 1991eb  |t 0  |l Available Online